Economía y sistema de haciendas en México : la hacienda pulquera en el cambio : siglos XVIII, XIX y XX /
Estudio sobre las haciendas como unidades productivas y de relaciones sociales en México, en especial los autores centran sus indagaciones en el caso de la antigüa hacienda pulquera de San Antonio Xala, hoy situada en el municipio de Axapusco, Estado de México. Los planteamientos destacan tres temát...
Na minha lista:
| Autor principal: | |
|---|---|
| Outros Autores: | |
| Formato: | Livro |
| Idioma: | espanhol |
| Publicado em: |
México :
Era,
1982, c1982
|
| Colecção: | (Problemas de México) [s.n.]
|
| Assuntos: | |
| Tags: |
Sem tags, seja o primeiro a adicionar uma tag!
|
MARC
| LEADER | 00000nam^a2200000^a^4500 | ||
|---|---|---|---|
| 001 | 000321207 | ||
| 005 | 20250521000000.0 | ||
| 009 | 20260310113534.43 | ||
| 020 | |a 968-411-087-1 | ||
| 037 | |a Acervo Xavier Clavigero | ||
| 041 | |a ESP | ||
| 082 | |a 972. 5203 |b LEA | ||
| 100 | |a Leal, Juan Felipe |e (autor) | ||
| 245 | 1 | 0 | |a Economía y sistema de haciendas en México : |b la hacienda pulquera en el cambio : siglos XVIII, XIX y XX / |c J.F. Leal, M. Huacuja Rountree. |
| 264 | 4 | |a México : |b Era, |c 1982, c1982 | |
| 300 | |a 200 p. | ||
| 336 | |a texto |b txt |2 rdacontenido | ||
| 337 | |a sin mediación |b n |2 rdamedio | ||
| 338 | |a volumen |b nc |2 rdasoporte | ||
| 440 | 1 | |a (Problemas de México) [s.n.] | |
| 520 | |a Estudio sobre las haciendas como unidades productivas y de relaciones sociales en México, en especial los autores centran sus indagaciones en el caso de la antigüa hacienda pulquera de San Antonio Xala, hoy situada en el municipio de Axapusco, Estado de México. Los planteamientos destacan tres temáticas: el funcionamiento económico de la hacienda de San Antonio en el último tercio del siglo XVIII, los modos de producción y el mercado pulquero de las haciendas, y las relaciones sociales en la hacienda de San Antonio durante los cuatro primeros años de la Revolucón Mexicana. | ||
| 649 | |a XX | ||
| 650 | |a Pulque - |z México (Estado) - |x Industria y Comercio - |x Tema Principal | ||
| 650 | |a Pulque - |z México (Estado) - |x Historia | ||
| 650 | |a Producción Económica - |z México (Estado) - |x Historia | ||
| 650 | |a Interacción Social - |z México (Estado) - |x Historia | ||
| 650 | |a Haciendas - |z México (Estado) - |x Historia - |x Tema Principal | ||
| 650 | |a Prácticas Culturales - |z México (Estado) - |x Historia | ||
| 650 | |a Sociología de la Economía | ||
| 650 | |a México (Estado) - |x Historia - |y Epoca Colonial, 1517-1821 | ||
| 650 | |a México (Estado) - |x Historia - |y Siglo XIX - |x Tema Principal | ||
| 650 | |a México (Estado) - |x Historia - |y Revolución, 1910-1917 | ||
| 700 | |a Huacuja, Mario |e (autor) | ||
| 910 | |a Fondo General | ||
| 920 | |a Impresos - Libros | ||
| 930 | |a Colección General | ||
| 905 | |a 101 | ||
| 901 | |a 0500208490 |b IT1 |c ACC |u 20250521 | ||
| 902 | |a https://opac.biblio.iteso.mx/vufind/Record/000321207 | ||